000 00468nam a2200157Ia 4500
999 _c22268
_d22268
003 OSt
005 20200319144254.0
008 190216s9999||||xx |||||||||||||| ||und||
040 _coclc
082 _a920
_bBAD/M
100 _aBadagara, Mammu
_92095
245 0 _aMoulana Mohamedali : Jeevidavum Douthyavum /
_cMammu Badagara
260 _bYuvatha Book House,
_c1992.
_aKozhikode:
300 _a206p
942 _cBK
_2ddc
_h920
_iBAD/M
_k920
_mBAD/M